00674cam a2200229 i 4500001001000000003001000010005001700020007000300037008004100040040001400081041000800095082002500103100002900128245008300157264007200240264001100312300001200323336002700335337003300362338002800395653002100423768714001CO-MdFUSB20240628072201.0ta240628t1972 -us||||| |||| 00| 0 eng d cCO-MdFUSB0 aeng04aG 234.8224b W3371w1 aWatson, George D.eautor10aWhite robes or garments of salvation and spiritual feasts c/ George D. Watson 1aCincinnati, Ohio, USA : b God's Bible School and College, c[1972] 4c©1972 a162 Pag atextobtxt2rdacontent 2rdamediaasin mediaciónbn 2rdacarrieravolumenbnc aSantificación